| 000 | 00507nam a22001817a 4500 | ||
|---|---|---|---|
| 005 | 20260515115120.0 | ||
| 008 | 260211b |||||||| |||| 00| 0 eng d | ||
| 040 |
_aIN-DiNC _cIN-DiNC |
||
| 041 | _dasm | ||
| 082 |
_a398.0954162 _bGOS |
||
| 100 |
_aGoswami, Pitambar Deva _eauthor |
||
| 245 |
_aSatriya utsavar paricoy aru tatparyya/ _cby Pitambar Dev Goswami |
||
| 250 | _a2nd ed. | ||
| 260 |
_aDibrugarh: _bKaustubh prakashan, _c2004. |
||
| 300 | _a331p. | ||
| 650 | _aSatriya culture | ||
| 942 |
_2ddc _cBK |
||
| 999 |
_c12282 _d12282 |
||